Statistics for Title in the Lyrics - Names

Click here to take the quiz!

General Stats

  • This quiz has been taken 34,238 times
  • The average score is 6 of 15

Answer Stats

Lyrics% Correct
{Billie} {Jean} is not my lover / She's just a girl who claims that I am the one
87%
Oh {Mickey}, you're so fine / You're so fine you blow my mind 
81%
{Roxanne} / You don't have to put on the red light 
77%
Don't call my name, don't call my name, {Alejandro} / I'm not your babe, I'm not your babe, Fernando
58%
{Eleanor} {Rigby} picks up the rice in the church where a wedding has been
46%
You got me rockin' and a-rollin' / Rockin' and a-reelin' {Barbara} {Ann}
38%
Can you hear the drums {Fernando}? / I remember long ago another starry night like this 
36%
{Michelle}, my belle. / Sont des mots qui vont très bien ensemble
35%
Well, I'm not the world's most physical guy / But when she squeezed me tight
she nearly broke my spine / Oh my {Lola}
29%
I look just like {Buddy} {Holly} / Oh-oh and you're Mary Tyler Moore
27%
I just met a girl named {Maria} / And suddenly that name / Will never be the same to me
26%
A modern day warrior / Mean, mean stride / Today's {Tom} {Sawyer} / Mean, mean pride
20%
{Jeremy} spoke in class today
17%
When you think {Tim} {McGraw} / I hope you think my favorite song / The one we danced to all night long
13%
{Rhiannon} rings like a bell through the night / And wouldn't you love to love her?
12%

Score Distribution

Percentile by Number Answered

Percent of People with Each Score

Your Score History

You have not taken this quiz